000 00664nam a22002177a 4500
003 UA-OsUOA
001 43704
007 ta
008 20070120b un ||||| |||| 00| 0 ukr d
100 _aСкоробогатова А.
090 _a330
_bС-11
942 _cSA
040 _aUA-OsUOA
_brus
_cUA-OsUOA
_dUA-OsUOA
245 _aФондовый рынок, институциональная структура и проблема стабильности капиталистической экономки
300 _aС.80-98
955 _a0
041 _arus
080 _a330
773 0 _w43702
650 7 _a330 Економіка взагалі
_2UDC
999 _c329822
_d329822